The Adolescent Passage: (Record no. 26576)

MARC details
000 -LEADER
fixed length control field 00489nam a2200169Ia 4500
005 - DATE AND TIME OF LATEST TRANSACTION
control field 20251015172821.0
008 - FIXED-LENGTH DATA ELEMENTS--GENERAL INFORMATION
fixed length control field 081213s9999 xx 000 0 und d
050 ## - LIBRARY OF CONGRESS CALL NUMBER
Classification number BF724
Item number .B56 1979
100 ## - MAIN ENTRY--PERSONAL NAME
Personal name Blos, Peter
245 ## - TITLE STATEMENT
Title The Adolescent Passage:
Remainder of title Development Issues
260 ## - PUBLICATION, DISTRIBUTION, ETC. (IMPRINT)
Date of publication, distribution, etc 1979
Place of publication, distribution, etc New York
Name of publisher, distributor, etc Internation al Universities press
300 ## - PHYSICAL DESCRIPTION
Extent xvi,521p.;
Dimensions 24cm
500 ## - GENERAL NOTE
General note Includes Index
650 ## - SUBJECT ADDED ENTRY--TOPICAL TERM
Source of heading or term Adolescent Psychology
650 ## - SUBJECT ADDED ENTRY--TOPICAL TERM
Source of heading or term Adolescent Psychiatry
942 ## - ADDED ENTRY ELEMENTS (KOHA)
Item type Book
Source of classification or shelving scheme Library of Congress Classification
Holdings
Withdrawn status Lost status Source of classification or shelving scheme Damaged status Not for loan Collection code Home library Current library Shelving location Date acquired Total Checkouts Full call number Barcode Date last borrowed Price effective from Koha item type
    Library of Congress Classification     Non-fiction Bishop Okullu Memorial Library (Limuru Campus) Bishop Okullu Memorial Library (Limuru Campus) General Circulation 15/12/2008 2 BF724.B56 1979 012051 29/09/2017 15/12/2008 Book